Statistics for French Loan Words 2

Click here to take the quiz!

General Stats

  • This quiz has been taken 1,236 times
    (1,235 since last reset)
  • The average score is 9 of 37

Answer Stats

HintAnswer% Correct
"That's life"C'est la vie
89%
Here it is!Voilà
79%
A relationship between three people.Ménage à trois
60%
Men's perfume.Eau de Cologne
56%
Meeting point.Rendez-vous
54%
"Reason for existence"Raison d'être
49%
OfficeBureau
44%
To extend a concert or performance.Encore
42%
Memento. Keepsake.Souvenir
38%
Pseudonym. Pen name.Nom de plume
37%
Movie genre filled with intrigue and sinister characters.Film noir
34%
Know-howSavoir-faire
33%
An inexpressible quality.Je ne sais quoi
29%
Prodigy with a neurological disability.Idiot Savant
25%
An impossible child.Enfant terrible
23%
Peeping Tom.Voyeur
21%
Inaugural show.Première
20%
Something you shouldn't do.Faux pas
19%
A private dialogue.Tête-à-tête
19%
A person who enjoys the good things in life.Bon vivant
16%
That which was succefully accomplished.Fait accompli
15%
The highlight on a collection of items.Pièce de résistance
14%
Painted illusion.Trompe l'œil
13%
"In relation to"Vis-à-vis
12%
The national razorGuillotine
10%
Something that is pertinent.À propos
10%
Courtesy towards an opponent in a swordfight.En garde
9%
ApprenticeProtégé
8%
Act of rebellion which historically involved the use of shoes.Sabotage
7%
To cause shame.Embarrass
6%
An expert.Connoisseur
5%
Military survey.Reconnaissance
4%
Crafting technic.Papier-mâché
2%
Impostor or con man.Charlatan
2%
A degenerate or marginalized artist.Poète maudit
1%
An unexpected turn of circumstances.Volte-face
1%
Unforseen disastrous event.Débâcle
1%

Score Distribution

Percentile by Number Answered

Percent of People with Each Score

Your Score History

You have not taken this quiz since the last reset